| Tag |
First Indicator |
Second Indicator |
Subfields |
| LEADER |
00000cam a2200000 4500 |
| 001 |
in00000047206 |
| 005 |
20151007065500.0 |
| 008 |
750228s1960 enk b 00000 eng u |
| 010 |
|
|
|a 60008057
|
| 035 |
|
|
|a (OCoLC)01194158
|
| 035 |
|
|
|9 AAE2078AM
|
| 040 |
|
|
|c NED
|d CHS
|d TXA
|d UtOrBLW
|
| 049 |
|
|
|a TXAM
|c [327379]
|
| 050 |
|
0 |
|a QH301
|b .S93 1958
|
| 060 |
|
0 |
|a QH 581 W183n 1958
|
| 082 |
0 |
|
|a 574.87082
|
| 092 |
|
|
|a 574.8708
|b S989n, 1960
|
| 111 |
2 |
|
|a Symposium on New Approaches in Cell Biology
|d (1958 :
|c Imperial College of Science and Technology)
|
| 245 |
1 |
0 |
|a New approaches in cell biology ;
|b proceedings /
|c edited by P. M. B. Walker.
|
| 264 |
|
1 |
|a London,
|a New York :
|b Academic Press,
|c 1960.
|
| 300 |
|
|
|a viii, 208 pages :
|b illustrations, diagrams ;
|c 24 cm.
|
| 336 |
|
|
|a text
|b txt
|2 rdacontent
|
| 337 |
|
|
|a unmediated
|b n
|2 rdamedia
|
| 338 |
|
|
|a volume
|b nc
|2 rdacarrier
|
| 500 |
|
|
|a "The Fifteenth International Congress of Zoology ... included among its many sections this symposium."
|
| 650 |
|
0 |
|a Cytology
|v Congresses.
|
| 700 |
1 |
|
|a Walker, P. M. B.
|
| 999 |
|
|
|a MARS
|
| 999 |
f |
f |
|s 2af34b21-c200-3628-a32a-14e85065ab0d
|i de178ef1-4b52-3e5a-8104-a038c369bb9e
|t 0
|
| 952 |
f |
f |
|p ric
|a Texas A&M University
|b Rellis Campus
|c Joint Library Facility
|d Remote Storage
|t 0
|e QH301 .S93 1958
|h Library of Congress classification
|i unmediated -- volume
|m A14800975032
|
| 998 |
f |
f |
|a QH301 .S93 1958
|t 0
|l Remote Storage
|